| 000 | 00773nam a2200217 a 4500 | ||
|---|---|---|---|
| 999 |
_c10809 _d10809 |
||
| 001 | 10809 | ||
| 003 | BD-JhCC | ||
| 005 | 20190409114108.0 | ||
| 008 | 190409s19962014bg |||| |||| 000 0 Ben d | ||
| 020 | _a9789845060615 | ||
| 035 | _a(BD-JhCC)10809 | ||
| 040 |
_aBD-JhCC _dBD-JhCC |
||
| 041 | _aben | ||
| 082 |
_a954.9205 _bKHA 2014 |
||
| 100 | _aখান, রাও ফরমান আলী | ||
| 245 |
_aবাংলাদেশের জন্ম / _cরাও ফরমান আলী খান |
||
| 260 |
_aঢাকা : _bদি ইউনিভার্সিটি প্রেস লিমিটেড(ইউ পি এল), _c২০১৪. |
||
| 300 |
_a২০০ সেমি. _c২০ সেমি. |
||
| 650 |
_aHistory _zBangladesh |
||
| 942 |
_2ddc _cBK |
||